[Event "Stay Safe Play From Home 319"]
[Site "Emanuel Lasker Arena"]
[Date "2020.07.21"]
[Round "3"]
[White "Buzaglo"]
[Black "Lazieri3"]
[Result "0-1"]
[WhiteElo "1913"]
[BlackElo "2141"]
[PlyCount "104"]
[EventDate "2020.07.21"]
[EventType "swiss (blitz)"]

1. d4 {[%emt 0:00:01]} c6 {[%emt 0:00:00]} 2. Nf3 {[%emt 0:00:00]} d5 {[%emt 0:00:00]} 3. g3 {[%emt 0:00:00]} Nf6 {[%emt 0:00:01]} 4. Bg2 {[%emt 0:00:00]} Bf5 {[%emt 0:00:01]} 5. O-O {[%emt 0:00:00]} g6 {[%emt 0:00:02]} 6. Nbd2 {[%emt 0:00:00]} Bg7 {[%emt 0:00:00]} 7. c4 {[%emt 0:00:00]} O-O {[%emt 0:00:00]} 8. cxd5 {[%emt 0:00:01]} Nxd5 {[%emt 0:00:01]} 9. Nh4 {[%emt 0:00:01]} Bd7 {[%emt 0:00:02]} 10. Nc4 {[%emt 0:00:02]} Nb6 {[%emt 0:00:02]} 11. Nxb6 {[%emt 0:00:01]} Qxb6 {[%emt 0:00:00]} 12. Qc2 {[%emt 0:00:03]} Na6 {[%emt 0:00:02]} 13. Be3 {[%emt 0:00:02]} Nb4 {[%emt 0:00:01]} 14. Qb3 {[%emt 0:00:02]} Nd5 {[%emt 0:00:01]} 15. Qxb6 {[%emt 0:00:04]} axb6 {[%emt 0:00:00]} 16. Bd2 {[%emt 0:00:01]} Bxd4 {[%emt 0:00:04]} 17. Bxd5 {[%emt 0:00:01]} cxd5 {[%emt 0:00:01]} 18. Nf3 {[%emt 0:00:00]} Bxb2 {[%emt 0:00:01]} 19. Rab1 {[%emt 0:00:01]} Rxa2 {[%emt 0:00:02]} 20. Bh6 {[%emt 0:00:01]} Rfa8 {[%emt 0:00:02]} 21. Kg2 {[%emt 0:00:03]} Bf5 {[%emt 0:00:01]} 22. Rbd1 {[%emt 0:00:02]} Be4 {[%emt 0:00:03]} 23. Bc1 {[%emt 0:00:04]} Bxc1 {[%emt 0:00:01]} 24. Rxc1 {[%emt 0:00:00]} Rxe2 {[%emt 0:00:01]} 25. Rb1 {[%emt 0:00:01]} Bxb1 {[%emt 0:00:03]} 26. Rxb1 {[%emt 0:00:00]} Raa2 {[%emt 0:00:01]} 27. Nd4 {[%emt 0:00:02]} Rxf2+ {[%emt 0:00:01]} 28. Kg1 {[%emt 0:00:02]} Rg2+ {[%emt 0:00:01]} 29. Kf1 {[%emt 0:00:00]} Rxh2 {[%emt 0:00:01]} 30. Kg1 {[%emt 0:00:01]} Rag2+ {[%emt 0:00:01]} 31. Kf1 {[%emt 0:00:01]} Rh1+ {[%emt 0:00:00]} 32. Kxg2 {[%emt 0:00:00]} Rxb1 {[%emt 0:00:00]} 33. Nb5 {[%emt 0:00:01]} Rxb5 {[%emt 0:00:01]} 34. Kf3 {[%emt 0:00:01]} Rb3+ {[%emt 0:00:01]} 35. Kf4 {[%emt 0:00:01]} Rxg3 {[%emt 0:00:00]} 36. Kxg3 {[%emt 0:00:01]} b5 {[%emt 0:00:00]} 37. Kf2 {[%emt 0:00:00]} h5 {[%emt 0:00:00]} 38. Ke2 {[%emt 0:00:00]} h4 {[%emt 0:00:01]} 39. Kd2 {[%emt 0:00:00]} b4 {[%emt 0:00:00]} 40. Kc2 {[%emt 0:00:00]} h3 {[%emt 0:00:00]} 41. Kd3 {[%emt 0:00:00]} h2 {[%emt 0:00:00]} 42. Kd4 {[%emt 0:00:00]} h1=Q {[%emt 0:00:00]} 43. Kc5 {[%emt 0:00:00]} Qc1+ {[%emt 0:00:01]} 44. Kb6 {[%emt 0:00:00]} b3 {[%emt 0:00:02]} 45. Ka7 {[%emt 0:00:00]} b2 {[%emt 0:00:00]} 46. Kb8 {[%emt 0:00:00]} b1=Q {[%emt 0:00:00]} 47. Ka7 {[%emt 0:00:00]} b5 {[%emt 0:00:00]} 48. Kb8 {[%emt 0:00:00]} b4 {[%emt 0:00:00]} 49. Kb7 {[%emt 0:00:00]} Qa1 {[%emt 0:00:00]} 50. Kb6 {[%emt 0:00:01]} b3 {[%emt 0:00:00]} 51. Kb5 {[%emt 0:00:00]} b2 {[%emt 0:00:00]} 52. Kb6 {[%emt 0:00:00]} b1=Q# {[%emt 0:00:00] (Lag: Av=0.66s, max=1.0s)} 0-1

[Event "Stay Safe Play From Home 319"]
[Site "Emanuel Lasker Arena"]
[Date "2020.07.21"]
[Round "3"]
[White "Haris kollari 13"]
[Black "Oznog"]
[Result "1-0"]
[WhiteElo "1694"]
[BlackElo "1794"]
[Annotator "NA"]
[PlyCount "71"]
[EventDate "2020.07.21"]
[EventType "swiss (blitz)"]

1. e4 {[%emt 0:00:01]} c5 {[%emt 0:00:00]} 2. f4 {[%emt 0:00:00]} Nc6 {[%emt 0:00:00]} 3. Nf3 {[%emt 0:00:00]} g6 {[%emt 0:00:01]} 4. d4 {[%emt 0:00:01]} cxd4 {[%emt 0:00:01]} 5. Nxd4 {[%emt 0:00:00]} e6 {[%emt 0:00:01]} 6. c3 {[%emt 0:00:00]} Bg7 {[%emt 0:00:01]} 7. Be3 {[%emt 0:00:01]} Nge7 {[%emt 0:00:01]} 8. Qd2 {[%emt 0:00:01]} a6 {[%emt 0:00:00]} 9. Be2 {[%emt 0:00:01]} d5 {[%emt 0:00:01]} 10. e5 {[%emt 0:00:01]} Nxd4 {[%emt 0:00:01]} 11. cxd4 {[%emt 0:00:01]} Nf5 {[%emt 0:00:01]} 12. Bf2 {[%emt 0:00:01]} Qb6 {[%emt 0:00:01]} 13. Nc3 {[%emt 0:00:01]} Bd7 {[%emt 0:00:01]} 14. g4 {[%emt 0:00:01]} Ne7 {[%emt 0:00:02]} 15. O-O {[%emt 0:00:02]} O-O {[%emt 0:00:01]} 16. h4 {[%emt 0:00:01]} Nc6 {[%emt 0:00:02]} 17. Be3 {[%emt 0:00:02]} f5 {[%emt 0:00:03]} 18. g5 {[%emt 0:00:04]} h6 {[%emt 0:00:01]} 19. gxh6 {[%emt 0:00:05]} Bxh6 {[%emt 0:00:00]} 20. h5 {[%emt 0:00:01]} gxh5 {[%emt 0:00:05]} 21. Na4 {[%emt 0:00:04]} Qd8 {[%emt 0:00:02]} 22. Rf2 {[%emt 0:00:03]} Kh7 {[%emt 0:00:01]} 23. Rg2 {[%emt 0:00:01]} Rg8 {[%emt 0:00:01]} 24. Nc5 {[%emt 0:00:02]} Rxg2+ {[%emt 0:00:02]} 25. Kxg2 {[%emt 0:00:01]} Qg8+ {[%emt 0:00:02]} 26. Kf2 {[%emt 0:00:01]} h4 {[%emt 0:00:01]} 27. Nxd7 {[%emt 0:00:02]} Qf7 {[%emt 0:00:01]} 28. Nf6+ {[%emt 0:00:03]} Kh8 {[%emt 0:00:01]} 29. Rg1 {[%emt 0:00:01]} Bg7 {[%emt 0:00:01]} 30. Rg5 {[%emt 0:00:03]} Bxf6 {[%emt 0:00:01]} 31. exf6 {[%emt 0:00:01]} Qxf6 {[%emt 0:00:01]} 32. Rh5+ {[%emt 0:00:02]} Kg7 {[%emt 0:00:01]} 33. Qe1 {[%emt 0:00:01]} Kf7 {[%emt 0:00:01]} 34. Qg1 {[%emt 0:00:01]} Ke7 {[%emt 0:00:01]} 35. Rh7+ {[%emt 0:00:01]} Kd8 {[%emt 0:00:01]} 36. Qg8+ {[%emt 0:00:02] Oznog resigns (Lag: Av=0.44s, max=0.9s)} 1-0

[Event "Stay Safe Play From Home 319"]
[Site "Emanuel Lasker Arena"]
[Date "2020.07.21"]
[Round "3"]
[White "Mandy"]
[Black "Meini"]
[Result "0-1"]
[WhiteElo "886"]
[BlackElo "1577"]
[Annotator "NA"]
[PlyCount "32"]
[EventDate "2020.07.21"]
[EventType "swiss (blitz)"]

1. d4 {[%emt 0:00:03]} c6 {[%emt 0:00:01]} 2. Bf4 {[%emt 0:00:01]} d5 {[%emt 0:00:00]} 3. e3 {[%emt 0:00:01]} Bf5 {[%emt 0:00:00]} 4. Bd3 {[%emt 0:00:06]} e6 {[%emt 0:00:00]} 5. Nf3 {[%emt 0:00:02]} Bd6 {[%emt 0:00:01]} 6. Ne5 {[%emt 0:00:06]} Qc7 {[%emt 0:00:02]} 7. c3 {[%emt 0:00:05]} Nd7 {[%emt 0:00:02]} 8. Qc2 {[%emt 0:00:01]} Bxd3 {[%emt 0:00:02]} 9. Qxd3 {[%emt 0:00:05]} Nxe5 {[%emt 0:00:01]} 10. Bxe5 {[%emt 0:00:03]} Bxe5 {[%emt 0:00:01]} 11. Qc2 {[%emt 0:00:05]} Nf6 {[%emt 0:00:05]} 12. Nd2 {[%emt 0:00:01]} Bd6 {[%emt 0:00:02]} 13. O-O {[%emt 0:00:01]} O-O {[%emt 0:00:01]} 14. g3 {[%emt 0:00:05]} Rfe8 {[%emt 0:00:05]} 15. Rae1 {[%emt 0:00:04]} e5 {[%emt 0:00:02]} 16. Nf3 {[%emt 0:00:05]} exd4 {[%emt 0:00:06] Zeit (Lag: Av=0.49s, max=1.0s)} 0-1

[Event "Stay Safe Play From Home 319"]
[Site "Emanuel Lasker Arena"]
[Date "2020.07.21"]
[Round "4"]
[White "Lamborghini"]
[Black "Haris kollari 13"]
[Result "1-0"]
[WhiteElo "2227"]
[BlackElo "1716"]
[Annotator "NA"]
[PlyCount "83"]
[EventDate "2020.07.21"]
[EventType "swiss (blitz)"]

1. e4 {[%emt 0:00:02]} e6 {[%emt 0:00:00]} 2. d4 {[%emt 0:00:01]} d5 {[%emt 0:00:00]} 3. Nc3 {[%emt 0:00:00]} Nf6 {[%emt 0:00:01]} 4. Bg5 {[%emt 0:00:01]} Be7 {[%emt 0:00:01]} 5. e5 {[%emt 0:00:01]} Nfd7 {[%emt 0:00:01]} 6. Bxe7 {[%emt 0:00:00]} Qxe7 {[%emt 0:00:00]} 7. f4 {[%emt 0:00:00]} a6 {[%emt 0:00:01]} 8. Nf3 {[%emt 0:00:00]} c5 {[%emt 0:00:01]} 9. Qd2 {[%emt 0:00:00]} Nc6 {[%emt 0:00:01]} 10. O-O-O {[%emt 0:00:00]} c4 {[%emt 0:00:01]} 11. Ne2 {[%emt 0:00:02]} b5 {[%emt 0:00:01]} 12. f5 {[%emt 0:00:00]} Nb6 {[%emt 0:00:01]} 13. f6 {[%emt 0:00:02]} gxf6 {[%emt 0:00:01]} 14. exf6 {[%emt 0:00:01]} Qxf6 {[%emt 0:00:01]} 15. Nf4 {[%emt 0:00:02]} Qe7 {[%emt 0:00:01]} 16. Re1 {[%emt 0:00:02]} Bd7 {[%emt 0:00:01]} 17. Ng5 {[%emt 0:00:01]} O-O-O {[%emt 0:00:02]} 18. h4 {[%emt 0:00:01]} h6 {[%emt 0:00:01]} 19. Nf3 {[%emt 0:00:02]} b4 {[%emt 0:00:01]} 20. Ne5 {[%emt 0:00:02]} Nxe5 {[%emt 0:00:01]} 21. Rxe5 {[%emt 0:00:01]} a5 {[%emt 0:00:01]} 22. Qe3 {[%emt 0:00:02]} f6 {[%emt 0:00:04]} 23. Rh5 {[%emt 0:00:05]} Qd6 {[%emt 0:00:04]} 24. Be2 {[%emt 0:00:01]} a4 {[%emt 0:00:02]} 25. g3 {[%emt 0:00:01]} c3 {[%emt 0:00:01]} 26. bxc3 {[%emt 0:00:01]} bxc3 {[%emt 0:00:03]} 27. Qxc3+ {[%emt 0:00:01]} Kb7 {[%emt 0:00:00]} 28. a3 {[%emt 0:00:04]} Rc8 {[%emt 0:00:01]} 29. Qb4 {[%emt 0:00:00]} Qxb4 {[%emt 0:00:04]} 30. axb4 {[%emt 0:00:01]} Rc3 {[%emt 0:00:01]} 31. Kd2 {[%emt 0:00:01]} Rxg3 {[%emt 0:00:02]} 32. Rf1 {[%emt 0:00:03]} f5 {[%emt 0:00:02]} 33. Nd3 {[%emt 0:00:01]} Bc6 {[%emt 0:00:05]} 34. Nc5+ {[%emt 0:00:01]} Kc7 {[%emt 0:00:03]} 35. Nxe6+ {[%emt 0:00:01]} Kd6 {[%emt 0:00:00]} 36. Nf4 {[%emt 0:00:01]} a3 {[%emt 0:00:02]} 37. Rxf5 {[%emt 0:00:01]} Nc4+ {[%emt 0:00:01]} 38. Bxc4 {[%emt 0:00:01]} dxc4 {[%emt 0:00:01]} 39. Rf6+ {[%emt 0:00:00]} Kd7 {[%emt 0:00:01]} 40. d5 {[%emt 0:00:00]} Ba4 {[%emt 0:00:02]} 41. Rf7+ {[%emt 0:00:02]} Kd6 {[%emt 0:00:01]} 42. Rf6+ {[%emt 0:00:01] Time (Lag: Av=0.38s, max=1.0s)} 1-0

[Event "Stay Safe Play From Home 319"]
[Site "Emanuel Lasker Arena"]
[Date "2020.07.21"]
[Round "4"]
[White "SoulofWolf"]
[Black "Sfantul321"]
[Result "0-1"]
[WhiteElo "2179"]
[BlackElo "1971"]
[Annotator "NA"]
[PlyCount "94"]
[EventDate "2020.07.21"]
[EventType "swiss (blitz)"]

1. c4 {[%emt 0:00:01]} g6 {[%emt 0:00:00]} 2. Nc3 {[%emt 0:00:00]} Bg7 {[%emt 0:00:00]} 3. e3 {[%emt 0:00:00]} c5 {[%emt 0:00:00]} 4. Nf3 {[%emt 0:00:01]} Nc6 {[%emt 0:00:00]} 5. d4 {[%emt 0:00:00]} cxd4 {[%emt 0:00:01]} 6. exd4 {[%emt 0:00:00]} d6 {[%emt 0:00:01]} 7. d5 {[%emt 0:00:00]} Ne5 {[%emt 0:00:01]} 8. Bf4 {[%emt 0:00:01]} Bg4 {[%emt 0:00:01]} 9. Be2 {[%emt 0:00:02]} Bxf3 {[%emt 0:00:01]} 10. gxf3 {[%emt 0:00:00]} Nh6 {[%emt 0:00:02]} 11. Qd2 {[%emt 0:00:01]} Nf5 {[%emt 0:00:01]} 12. O-O-O {[%emt 0:00:01]} Qb6 {[%emt 0:00:03]} 13. Be3 {[%emt 0:00:06]} Qc7 {[%emt 0:00:02]} 14. b3 {[%emt 0:00:01]} a6 {[%emt 0:00:01]} 15. Kb1 {[%emt 0:00:00]} O-O {[%emt 0:00:02]} 16. Rc1 {[%emt 0:00:01]} Rfc8 {[%emt 0:00:02]} 17. h4 {[%emt 0:00:02]} h5 {[%emt 0:00:01]} 18. Bf4 {[%emt 0:00:02]} Qb6 {[%emt 0:00:02]} 19. Na4 {[%emt 0:00:02]} Qxf2 {[%emt 0:00:02]} 20. Rh2 {[%emt 0:00:03]} Qa7 {[%emt 0:00:04]} 21. Rg1 {[%emt 0:00:02]} b5 {[%emt 0:00:02]} 22. cxb5 {[%emt 0:00:02]} axb5 {[%emt 0:00:01]} 23. Bxb5 {[%emt 0:00:00]} Rcb8 {[%emt 0:00:02]} 24. Qe2 {[%emt 0:00:04]} Nd4 {[%emt 0:00:02]} 25. Qf2 {[%emt 0:00:04]} Nxb5 {[%emt 0:00:01]} 26. Qxa7 {[%emt 0:00:01]} Rxa7 {[%emt 0:00:01]} 27. Nb2 {[%emt 0:00:01]} Nc3+ {[%emt 0:00:01]} 28. Kc2 {[%emt 0:00:00]} Nxa2 {[%emt 0:00:01]} 29. Be3 {[%emt 0:00:02]} Rc7+ {[%emt 0:00:02]} 30. Kd2 {[%emt 0:00:01]} Nxf3+ {[%emt 0:00:01]} 31. Ke2 {[%emt 0:00:01]} Nxh2 {[%emt 0:00:00]} 32. Rg2 {[%emt 0:00:01]} Ng4 {[%emt 0:00:02]} 33. Kd3 {[%emt 0:00:02]} Nb4+ {[%emt 0:00:02]} 34. Ke4 {[%emt 0:00:01]} Nf6+ {[%emt 0:00:01]} 35. Kf3 {[%emt 0:00:01]} Ng4 {[%emt 0:00:02]} 36. Bf4 {[%emt 0:00:03]} Bxb2 {[%emt 0:00:02]} 37. Rxb2 {[%emt 0:00:02]} Nd3 {[%emt 0:00:00]} 38. Rd2 {[%emt 0:00:02]} Nxf4 {[%emt 0:00:01]} 39. Kxf4 {[%emt 0:00:00]} Rb4+ {[%emt 0:00:01]} 40. Kf3 {[%emt 0:00:01]} Rc3+ {[%emt 0:00:01]} 41. Kg2 {[%emt 0:00:00]} Rbxb3 {[%emt 0:00:00]} 42. Ra2 {[%emt 0:00:00]} Rg3+ {[%emt 0:00:02]} 43. Kf1 {[%emt 0:00:01]} Rbf3+ {[%emt 0:00:01]} 44. Ke1 {[%emt 0:00:01]} Rg1+ {[%emt 0:00:01]} 45. Ke2 {[%emt 0:00:01]} Rf2+ {[%emt 0:00:00]} 46. Kd3 {[%emt 0:00:01]} Rxa2 {[%emt 0:00:00]} 47. Kd4 {[%emt 0:00:00]} Ra4+ {[%emt 0:00:01] Czas partii (Lag: Av=0.35s, max=0.9s)} 0-1

[Event "Stay Safe Play From Home 319"]
[Site "Emanuel Lasker Arena"]
[Date "2020.07.21"]
[Round "4"]
[White "Lazieri3"]
[Black "NTBT_DHS"]
[Result "0-1"]
[WhiteElo "2148"]
[BlackElo "2518"]
[Annotator "TA"]
[PlyCount "110"]
[EventDate "2020.07.21"]
[EventType "swiss (blitz)"]

{[%evp 11,109,22,31,20,24,0,0,-2,0,-59,-60,-93,-74,-92,0,-31,-30,-43,-43,-43,-41,-43,-13,-76,-43,-61,-28,-43,-41,-96,-99,-162,-179,-176,-178,-174,-132,-152,-147,-143,-150,-156,-147,-152,-126,-246,-246,-228,-150,-324,-320,-405,-399,-408,-404,-462,-460,-872,-825,-859,-770,-1253,-1215,-1113,-1070,-3293,-1983,-3038,-1554,-12835,-12831,-12837,-12838,-12841,-12841,-12841,-12842,-12846,-12847,-12847,-12847,-12849,-12848,-12849,-12849,-12850,-12850,-12850,-12850,-12850,-27999,-12851,-27999,-27999,-27999,-27998,-27999,-27999,-27999,-27999]} 1. e4 g6 2. Nc3 Bg7 3. d4 d6 4. Be3 Nd7 5. Qd2 a6 6. Nf3 b5 7. Bd3 {B06: Modern Defence.} Bb7 8. a3 c5 9. dxc5 {The position is equal.} Nxc5 10. Bxc5 (10. O-O $11) 10... dxc5 $15 {[#]} 11. O-O $146 ({Predecessor:} 11. Rd1 Qc7 12. b3 e6 13. O-O Ne7 14. Bxb5+ axb5 15. Nxb5 Qb6 16. Nd6+ Kf8 17. Nxb7 Bd4 18. Nxd4 Qxb7 19. Nf3 Rxa3 20. Qc3 {1-0 (20) Schweisgut,J (1740)-Maes,P (1949) Goch 2016}) 11... Nf6 12. e5 {[#]} Nd5 (12... Ng4 $1 $17 13. Qf4 Bxf3) 13. Nxd5 Qxd5 14. Qe3 c4 15. Be2 O-O 16. Rfd1 Qc6 17. Bf1 (17. Nh4 $11) 17... Rad8 $36 {[%mdl 2048] White is under pressure.} 18. c3 Qe4 19. Qxe4 Bxe4 20. Nd4 ({Better is} 20. Ng5 $15 Bd5 21. e6 fxe6 22. Re1) 20... Bxe5 $17 21. f3 (21. Re1 $17 Bxd4 22. Rxe4) 21... Bxd4+ $19 22. Rxd4 Rxd4 23. cxd4 {[%mdl 4096] Endgame KRB-KRB} Bc2 24. Rc1 Bb3 25. Kf2 Rd8 26. Ke3 f6 27. Be2 Kf7 28. Bd1 (28. f4 $17) 28... Bxd1 29. Rxd1 {KR-KR} e5 30. d5 $2 {[#] Loses the game.} (30. Rd2 $17) 30... Ke7 31. a4 Kd6 32. axb5 axb5 33. Ra1 Kc5 34. Ra7 (34. Kd2 $142 Rxd5+ 35. Kc1) 34... Rxd5 35. Rxh7 f5 36. Rc7+ Kb4 37. Rc6 g5 38. g4 fxg4 39. fxg4 Rd4 40. h3 Rd3+ 41. Ke4 Rxh3 42. Kxe5 Rh2 43. Kf5 Rxb2 44. Kxg5 Rg2 45. Kf5 Kb3 46. g5 b4 47. g6 c3 48. Kf6 c2 49. g7 Kb2 50. g8=Q Rxg8 51. Rc8 Rxc8 52. Ke7 {Black mates.} c1=Q 53. Kd7 Qc6+ 54. Ke7 Rc7+ 55. Kf8 Qa8# {Accuracy: White = 45%, Black = 69%.} 0-1

[Event "Stay Safe Play From Home 319"]
[Site "Emanuel Lasker Arena"]
[Date "2020.07.21"]
[Round "4"]
[White "TheCHESSHOUSE"]
[Black "Buzaglo"]
[Result "1-0"]
[WhiteElo "2132"]
[BlackElo "1906"]
[PlyCount "123"]
[EventDate "2020.07.21"]
[EventType "swiss (blitz)"]

1. d4 {[%emt 0:00:02]} e6 {[%emt 0:00:00]} 2. c4 {[%emt 0:00:01]} d5 {[%emt 0:00:00]} 3. g3 {[%emt 0:00:01]} Nf6 {[%emt 0:00:00]} 4. Bg2 {[%emt 0:00:00]} dxc4 {[%emt 0:00:01]} 5. Nf3 {[%emt 0:00:00]} c5 {[%emt 0:00:00]} 6. O-O {[%emt 0:00:01]} cxd4 {[%emt 0:00:01]} 7. Qa4+ {[%emt 0:00:00]} Bd7 {[%emt 0:00:01]} 8. Qxc4 {[%emt 0:00:01]} Nc6 {[%emt 0:00:01]} 9. Nxd4 {[%emt 0:00:01]} Nxd4 {[%emt 0:00:01]} 10. Qxd4 {[%emt 0:00:00]} Bc6 {[%emt 0:00:02]} 11. Qxd8+ {[%emt 0:00:02]} Rxd8 {[%emt 0:00:00]} 12. Bxc6+ {[%emt 0:00:01]} bxc6 {[%emt 0:00:00]} 13. Nc3 {[%emt 0:00:00]} Bb4 {[%emt 0:00:01]} 14. Bg5 {[%emt 0:00:04]} Bxc3 {[%emt 0:00:01]} 15. bxc3 {[%emt 0:00:00]} Rd2 {[%emt 0:00:01]} 16. Bxd2 {[%emt 0:00:01]} Nd5 {[%emt 0:00:01]} 17. e4 {[%emt 0:00:01]} Nf6 {[%emt 0:00:01]} 18. Rfe1 {[%emt 0:00:03]} O-O {[%emt 0:00:01]} 19. Bg5 {[%emt 0:00:01]} Nd7 {[%emt 0:00:02]} 20. Rad1 {[%emt 0:00:01]} Nc5 {[%emt 0:00:00]} 21. Be7 {[%emt 0:00:04]} Na4 {[%emt 0:00:04]} 22. Bxf8 {[%emt 0:00:01]} Kxf8 {[%emt 0:00:00]} 23. Rd8+ {[%emt 0:00:02]} Ke7 {[%emt 0:00:01]} 24. Ra8 {[%emt 0:00:00]} Nxc3 {[%emt 0:00:01]} 25. Rxa7+ {[%emt 0:00:01]} Kf6 {[%emt 0:00:02]} 26. e5+ {[%emt 0:00:01]} Kf5 {[%emt 0:00:01]} 27. Rxf7+ {[%emt 0:00:01]} Kg6 {[%emt 0:00:00]} 28. Rf3 {[%emt 0:00:02]} Nd5 {[%emt 0:00:00]} 29. h4 {[%emt 0:00:01]} h5 {[%emt 0:00:01]} 30. Re4 {[%emt 0:00:02]} Ne7 {[%emt 0:00:02]} 31. Rc4 {[%emt 0:00:01]} Kh6 {[%emt 0:00:03]} 32. a4 {[%emt 0:00:01]} g5 {[%emt 0:00:02]} 33. hxg5+ {[%emt 0:00:01]} Kxg5 {[%emt 0:00:00]} 34. a5 {[%emt 0:00:01]} Nc8 {[%emt 0:00:02]} 35. a6 {[%emt 0:00:01]} Na7 {[%emt 0:00:00]} 36. Rf7 {[%emt 0:00:02]} Nb5 {[%emt 0:00:01]} 37. Rxc6 {[%emt 0:00:01]} Nd4 {[%emt 0:00:00]} 38. Rc4 {[%emt 0:00:03]} Ne2+ {[%emt 0:00:01]} 39. Kg2 {[%emt 0:00:01]} h4 {[%emt 0:00:01]} 40. Rg7+ {[%emt 0:00:02]} Kf5 {[%emt 0:00:01]} 41. Rxh4 {[%emt 0:00:01]} Kxe5 {[%emt 0:00:01]} 42. Rg5+ {[%emt 0:00:01]} Kd6 {[%emt 0:00:01]} 43. Re4 {[%emt 0:00:00]} Nc3 {[%emt 0:00:00]} 44. Re3 {[%emt 0:00:01]} Nd1 {[%emt 0:00:02]} 45. Rd3+ {[%emt 0:00:01]} Ke7 {[%emt 0:00:02]} 46. Rxd1 {[%emt 0:00:00]} e5 {[%emt 0:00:00]} 47. Re1 {[%emt 0:00:00]} Kf6 {[%emt 0:00:00]} 48. Rgxe5 {[%emt 0:00:00]} Kf7 {[%emt 0:00:01]} 49. Re6 {[%emt 0:00:00]} Kf8 {[%emt 0:00:01]} 50. R6e4 {[%emt 0:00:00]} Kf7 {[%emt 0:00:00]} 51. R1e3 {[%emt 0:00:00]} Kf6 {[%emt 0:00:00]} 52. Rf3+ {[%emt 0:00:00]} Kg5 {[%emt 0:00:01]} 53. Rff4 {[%emt 0:00:01]} Kg6 {[%emt 0:00:00]} 54. Re3 {[%emt 0:00:01]} Kg5 {[%emt 0:00:01]} 55. Re5+ {[%emt 0:00:00]} Kg6 {[%emt 0:00:00]} 56. Rd5 {[%emt 0:00:01]} Kg7 {[%emt 0:00:02]} 57. Rb5 {[%emt 0:00:00]} Kg6 {[%emt 0:00:00]} 58. Rc4 {[%emt 0:00:00]} Kf7 {[%emt 0:00:01]} 59. Rc6 {[%emt 0:00:00]} Ke8 {[%emt 0:00:00]} 60. Rb7 {[%emt 0:00:00]} Kd8 {[%emt 0:00:01]} 61. Rh6 {[%emt 0:00:00]} Kc8 {[%emt 0:00:01]} 62. Rh8# {[%emt 0:00:00] (Lag: Av=0.71s, max=1.2s)} 1-0

[Event "Stay Safe Play From Home 319"]
[Site "Emanuel Lasker Arena"]
[Date "2020.07.21"]
[Round "4"]
[White "Cirovicz"]
[Black "AChessPlayer"]
[Result "0-1"]
[WhiteElo "1968"]
[BlackElo "2438"]
[PlyCount "88"]
[EventDate "2020.07.21"]
[EventType "swiss (blitz)"]

1. e3 {[%emt 0:00:02]} c6 {[%emt 0:00:00]} 2. c4 {[%emt 0:00:00]} d5 {[%emt 0:00:00]} 3. d4 {[%emt 0:00:00]} Nf6 {[%emt 0:00:01]} 4. cxd5 {[%emt 0:00:01]} cxd5 {[%emt 0:00:01]} 5. Nc3 {[%emt 0:00:00]} Nc6 {[%emt 0:00:01]} 6. Bb5 {[%emt 0:00:00]} Bd7 {[%emt 0:00:02]} 7. Bxc6 {[%emt 0:00:01]} Bxc6 {[%emt 0:00:00]} 8. Nge2 {[%emt 0:00:01]} e6 {[%emt 0:00:00]} 9. Ng3 {[%emt 0:00:01]} Bd6 {[%emt 0:00:00]} 10. Bd2 {[%emt 0:00:01]} h5 {[%emt 0:00:00]} 11. a3 {[%emt 0:00:01]} h4 {[%emt 0:00:01]} 12. Nge2 {[%emt 0:00:00]} h3 {[%emt 0:00:01]} 13. g3 {[%emt 0:00:01]} e5 {[%emt 0:00:03]} 14. dxe5 {[%emt 0:00:01]} Bxe5 {[%emt 0:00:00]} 15. f3 {[%emt 0:00:02]} d4 {[%emt 0:00:02]} 16. exd4 {[%emt 0:00:02]} Bxd4 {[%emt 0:00:00]} 17. Nxd4 {[%emt 0:00:01]} Qxd4 {[%emt 0:00:00]} 18. Qe2+ {[%emt 0:00:01]} Kf8 {[%emt 0:00:01]} 19. O-O-O {[%emt 0:00:01]} Re8 {[%emt 0:00:02]} 20. Be3 {[%emt 0:00:02]} Qxe3+ {[%emt 0:00:02]} 21. Qxe3 {[%emt 0:00:02]} Rxe3 {[%emt 0:00:00]} 22. Ne4 {[%emt 0:00:03]} Nxe4 {[%emt 0:00:02]} 23. fxe4 {[%emt 0:00:01]} Rh5 {[%emt 0:00:03]} 24. Rd4 {[%emt 0:00:02]} Ke7 {[%emt 0:00:01]} 25. Rhd1 {[%emt 0:00:02]} Re5 {[%emt 0:00:00]} 26. b4 {[%emt 0:00:01]} R3xe4 {[%emt 0:00:00]} 27. R4d3 {[%emt 0:00:01]} a6 {[%emt 0:00:01]} 28. Kb2 {[%emt 0:00:02]} Re2+ {[%emt 0:00:01]} 29. Kb3 {[%emt 0:00:01]} Rxh2 {[%emt 0:00:04]} 30. a4 {[%emt 0:00:01]} b5 {[%emt 0:00:02]} 31. axb5 {[%emt 0:00:01]} Bxb5 {[%emt 0:00:00]} 32. Rc3 {[%emt 0:00:01]} Rhe2 {[%emt 0:00:02]} 33. Rc7+ {[%emt 0:00:01]} Kf6 {[%emt 0:00:00]} 34. Rf1+ {[%emt 0:00:02]} Kg5 {[%emt 0:00:00]} 35. Rfxf7 {[%emt 0:00:01]} g6 {[%emt 0:00:00]} 36. Rc3 {[%emt 0:00:02]} R5e3 {[%emt 0:00:00]} 37. Rxe3 {[%emt 0:00:01]} Rxe3+ {[%emt 0:00:00]} 38. Kc2 {[%emt 0:00:01]} Rxg3 {[%emt 0:00:00]} 39. Rh7 {[%emt 0:00:01]} Rg2+ {[%emt 0:00:01]} 40. Kd1 {[%emt 0:00:01]} h2 {[%emt 0:00:00]} 41. Ke1 {[%emt 0:00:02]} Rg1+ {[%emt 0:00:01]} 42. Kf2 {[%emt 0:00:01]} h1=Q {[%emt 0:00:00]} 43. Rh3 {[%emt 0:00:01]} Rf1+ {[%emt 0:00:02]} 44. Kg3 {[%emt 0:00:02]} Qg1# {[%emt 0:00:01] (Lag: Av=0.77s, max=1.1s)} 0-1

[Event "Stay Safe Play From Home 319"]
[Site "Emanuel Lasker Arena"]
[Date "2020.07.21"]
[Round "4"]
[White "Trotsky"]
[Black "Bardellosport"]
[Result "0-1"]
[WhiteElo "1643"]
[BlackElo "1989"]
[PlyCount "70"]
[EventDate "2020.07.21"]
[EventType "swiss (blitz)"]

1. d4 {[%emt 0:00:01]} d5 {[%emt 0:00:01]} 2. e3 {[%emt 0:00:00]} c6 {[%emt 0:00:00]} 3. c4 {[%emt 0:00:01]} e6 {[%emt 0:00:00]} 4. Nc3 {[%emt 0:00:01]} f5 {[%emt 0:00:01]} 5. Nf3 {[%emt 0:00:01]} Nf6 {[%emt 0:00:00]} 6. Bd3 {[%emt 0:00:01]} Bd6 {[%emt 0:00:01]} 7. c5 {[%emt 0:00:00]} Be7 {[%emt 0:00:02]} 8. Qc2 {[%emt 0:00:01]} O-O {[%emt 0:00:00]} 9. h4 {[%emt 0:00:01]} Ne4 {[%emt 0:00:01]} 10. Nxe4 {[%emt 0:00:02]} fxe4 {[%emt 0:00:00]} 11. Bxe4 {[%emt 0:00:01]} dxe4 {[%emt 0:00:00]} 12. Qxe4 {[%emt 0:00:01]} e5 {[%emt 0:00:01]} 13. Ng5 {[%emt 0:00:01]} Bf5 {[%emt 0:00:01]} 14. Qf3 {[%emt 0:00:03]} e4 {[%emt 0:00:02]} 15. Qe2 {[%emt 0:00:04]} Bxg5 {[%emt 0:00:01]} 16. hxg5 {[%emt 0:00:01]} Qxg5 {[%emt 0:00:00]} 17. Bd2 {[%emt 0:00:01]} Nd7 {[%emt 0:00:01]} 18. O-O-O {[%emt 0:00:01]} Nf6 {[%emt 0:00:01]} 19. f3 {[%emt 0:00:04]} exf3 {[%emt 0:00:02]} 20. gxf3 {[%emt 0:00:01]} Qg6 {[%emt 0:00:01]} 21. e4 {[%emt 0:00:02]} Rae8 {[%emt 0:00:02]} 22. Rh2 {[%emt 0:00:06]} Nxe4 {[%emt 0:00:01]} 23. Qc4+ {[%emt 0:00:02]} Kh8 {[%emt 0:00:02]} 24. Rdh1 {[%emt 0:00:02]} h6 {[%emt 0:00:01]} 25. fxe4 {[%emt 0:00:02]} Bxe4 {[%emt 0:00:02]} 26. Bxh6 {[%emt 0:00:04]} gxh6 {[%emt 0:00:02]} 27. Rxh6+ {[%emt 0:00:01]} Kg7 {[%emt 0:00:00]} 28. Rh7+ {[%emt 0:00:06]} Qxh7 {[%emt 0:00:01]} 29. Rxh7+ {[%emt 0:00:01]} Bxh7 {[%emt 0:00:01]} 30. d5 {[%emt 0:00:02]} cxd5 {[%emt 0:00:03]} 31. Qg4+ {[%emt 0:00:01]} Bg6 {[%emt 0:00:01]} 32. Qd7+ {[%emt 0:00:01]} Kh6 {[%emt 0:00:02]} 33. Qxd5 {[%emt 0:00:01]} Re1+ {[%emt 0:00:02]} 34. Kd2 {[%emt 0:00:01]} Rff1 {[%emt 0:00:01]} 35. Kc3 {[%emt 0:00:01]} Rc1+ {[%emt 0:00:02] ' Âðåìÿ (Lag: Av=0.35s, max=1.0s)} 0-1